Amor sin escalas (Registro nro. 242896)
[ vista simple ]
| 000 -ENCABEZADO | |
|---|---|
| Número de control [NR] | 01771 a2200325 4500 |
| 005 - FECHA Y HORA DE LA ÚLTIMA TRANSACCIÓN | |
| control field | 20211214155522.0 |
| 008 - DE LONGITUD FIJA DE DATOS DE ELEMENTOS - INFORMACIÓN GENERAL | |
| Elementos de longitud fija [NR] | 140527s2009 ag ||||g |||| 00| 0 mul d |
| 040 ## - FUENTE DE CATALOGACION [NR] | |
| Agencia de catalogación original [NR] | CO-BoUCM |
| Idioma de catalogación [NR] | spa |
| Quien Cataloga | Deissy Garcia (modificó) |
| Quien Clasifica | Aldemar Mondragón |
| 041 ## - CODIGO DE IDIOMA [R] | |
| Código de idioma para texto/pista de sonido o título separado [R] | Inglés |
| 041 ## - CODIGO DE IDIOMA [R] | |
| Código de idioma para texto/pista de sonido o título separado [R] | Francés |
| 041 ## - CODIGO DE IDIOMA [R] | |
| Código de idioma para texto/pista de sonido o título separado [R] | Español |
| 092 ## - SIGNATURA TOPOGRAFICA LOCAL | |
| Número de clasificación local | DVD 1446 |
| 245 ## - MENCION DE TITULO [NR] | |
| Título [NR] | Amor sin escalas |
| Mención de responsabilidad, etc. [NR] | Jason Reitman, director |
| 260 ## - PUBLICACION, DISTRIBUCION, ETC. (PIE DE IMPRENTA) [R] | |
| Lugar de publicación, distribución, etc. [R] | Buenos Aires (Argentina) |
| Nombre del editor, distribuidor, etc. [R] | Paramount Pictures |
| Fecha de publicación, distribución, etc. [R] | 2009 |
| 300 ## - DESCRIPCION FISICA [R] | |
| Extensión [R] | 1 DVD, 109 minutos |
| Otros detalles físicos [NR] | imagen, sonido, color |
| 500 ## - NOTA GENERAL [R] | |
| Nota general [NR] | Sinopsis : Ryan Bingham es un experto en reducciones empresariales (tanto de personal como de dinero) cuya preciada vida volando se ve amenazada en el momento en que está a punto de conseguir diez millones de millas en vuelos frecuentes y justo cuando ha conocido a la mujer de sus sueños, otra viajera habitual. |
| 508 ## - NOTA DE CREDITOS DE CREACION/PRODUCCION [R] | |
| Nota de créditos de creación/producción [NR] | Créditos : Dirección Jason Reitman ; Producción: Ivan Reitman, Jason Reitman, Daniel Dubiecki y Jeffrey Clifford ; Guión: Jason Reitman y Sheldon Turner; basado en la novela de Walter Kirn ; Música Rolfe Kent ; Fotografía Eric Steelberg. |
| 511 ## - NOTA DE PARTICIPANTE O INTERPRETE [R] | |
| Nota de participante o intérprete [NR] | Reparto : George Clooney, Vera Farmiga, Anna Kendrick , Jason Bateman, Danny McBride, Melanie Lynskey , Amy Morton, Sam Elliott, J.K. Simmons, Zach Galifianakis, Chris Lowell. |
| 546 ## - NOTA DE IDIOMA [R] | |
| Nota de idioma [NR] | Audio en inglés, francés y castellano. Subtítulos en inglés, francés y castellano |
| 650 #7 - ASIENTO SECUNDARIO DE MATERIA - TERMINO TEMATICO [R] | |
| 9 (RLIN) | 57043 |
| Término temático o nombre geográfico como elemento de entrada [NR] | Amor en el cine |
| Subdivisión de forma [R] | DVD |
| 650 #7 - ASIENTO SECUNDARIO DE MATERIA - TERMINO TEMATICO [R] | |
| 9 (RLIN) | 8660 |
| Término temático o nombre geográfico como elemento de entrada [NR] | Aeropuertos |
| Subdivisión de forma [R] | DVD |
| 650 #7 - ASIENTO SECUNDARIO DE MATERIA - TERMINO TEMATICO [R] | |
| 9 (RLIN) | 8659 |
| Término temático o nombre geográfico como elemento de entrada [NR] | Aeronaves |
| Subdivisión de forma [R] | DVD |
| 690 ## - ASUNTO AGREGADO LOCAL DE ENTRADA - TÉRMINO TEMÁTICO (OCLC, RLIN) | |
| Acceso temático local | Entretenimiento |
| 9 (RLIN) | 26487 |
| 700 1# - ASIENTO SECUNDARIO - NOMBRE PERSONAL [R] | |
| Nombre personal [NR] | Reitman, Jason |
| Término de relación [R] | director |
| 9 (RLIN) | 61775 |
| 710 2# - ASIENTO SECUNDARIO - NOMBRE CORPORATIVO [R] | |
| Nombre corporativo o de jurisdicción como elemento de entrada [NR] | Paramount Pictures |
| 9 (RLIN) | 48549 |
| 710 2# - ASIENTO SECUNDARIO - NOMBRE CORPORATIVO [R] | |
| Nombre corporativo o de jurisdicción como elemento de entrada [NR] | Cold spring pictures |
| 9 (RLIN) | 61776 |
| 710 2# - ASIENTO SECUNDARIO - NOMBRE CORPORATIVO [R] | |
| Nombre corporativo o de jurisdicción como elemento de entrada [NR] | DW studios |
| 9 (RLIN) | 61777 |
| 765 ## - ASIENTO DE IDIOMA ORIGINAL [R] | |
| Título [NR] | Up in the air |
| 942 ## - ELEMENTOS DE ENTRADA AGREGADOS (KOHA) | |
| Source of classification or shelving scheme | LOCAL |
| Tema principal | Entretenimiento |
| Koha item type | Multimedia |
| Edition | 1 |
| Suprimido | Perdido | Sistema de clasificación | Dañado | No prestable | Tipo de ítem específico | Ubicación habitual | Ubicación actual | Localización | Fecha de creación | Proveedor | Forma de adquisición | Costo | Total préstamos | Total Renewals | Signatura topográfica | Código de barras | Última vez visto | Fecha de último préstamo | Ejemplar | Costo de reposición | Price effective from | Tipo de ítem |
|---|---|---|---|---|---|---|---|---|---|---|---|---|---|---|---|---|---|---|---|---|---|---|
| LOCAL | DVD | Claustro | Claustro | Colección digital | 18/02/2014 | 12 | Donación | 0.00 | 16 | 3 | DVD 1446 | 100142427 | 27/03/2025 | 19/03/2025 | Ej.2 | 26000.00 | 18/02/2014 | Multimedia | ||||
| LOCAL | Préstamo restringido | DVD | Procesos Técnicos (no para préstamo) | Procesos Técnicos (no para préstamo) | Procesos Técnicos | 18/02/2014 | 12 | Donación | 0.00 | DVD 1446 | 100141457 | 09/12/2025 | Ej.1 | 26000.00 | 18/02/2014 | Multimedia |